Normal görünüm MARC görünümü

Giriş Topical Term

Kullanılan kayıt sayısı: 4

001 - CONTROL NUMBER

  • control field: 3385

003 - CONTROL NUMBER IDENTIFIER

  • control field: TR-AnABB

005 - DATE AND TIME OF LATEST TRANSACTION

  • control field: 20260414072021.0

008 - FIXED-LENGTH DATA ELEMENTS

  • fixed length control field: 260414|| aca||aabn | a|a d

040 ## - CATALOGING SOURCE

  • Original cataloging agency: TR-AnABB
  • Transcribing agency: TR-AnABB

150 ## - HEADING--TOPICAL TERM

  • Topical term or geographic name entry element: Sosyal yaşam ve gelenekler, Türkiye

670 ## - SOURCE DATA FOUND

  • Source citation: Koha: (TR-AnABB)10207: Eroz, Mehmet 1476, Doğu Anadolu hakkında /, [t.y.]